| 000 | 00744nam a2200253 i 4500 | ||
|---|---|---|---|
| 001 | 17037 | ||
| 003 | ES-MaACL | ||
| 005 | 20230906151505.0 | ||
| 007 | t| | ||
| 008 | 001215s2000 sp ||||1| spa d | ||
| 020 | _a84-339-0074-9 | ||
| 080 | _a301"19"(04) | ||
| 100 | 1 |
_aBaudrillard, Jean. _926534 |
|
| 245 | 1 | 4 |
_aLas estrategias fatales / _cJean Baudrillard ; traducción de Joaquín Jordá. |
| 250 | _a6ª ed. | ||
| 260 |
_aBarcelona : _bAnagrama, _c2000. |
||
| 300 |
_a205 p. ; _c20 cm. |
||
| 490 | 1 |
_aColección Argumentos ; _v74 |
|
| 650 | 1 | 4 |
_aSociedades- _yS.XX. _917181 |
| 700 | 1 |
_aJordá, Joaquín. _966895 |
|
| 830 | 0 |
_aColección Argumentos ; _v74 _9178071 |
|
| 852 |
_aES-MaACL _jL-24023 _bR.129117 |
||
| 999 |
_c17037 _d17037 |
||